header

We are all leaders (Record no. 70404)

MARC details
000 -LEADER
fixed length control field 01148nam a2200301Ia 4500
100 1# - MAIN ENTRY--AUTHOR NAME
Personal name Arnander, Fredrik.
245 10 - TITLE STATEMENT
Title We are all leaders
260 ## - PUBLICATION, DISTRIBUTION, ETC. (IMPRINT)
Place of publication Chichester, West Sussex :
Name of publisher Capstone,
Year of publication 2013.
300 ## - PHYSICAL DESCRIPTION
Number of Pages xii, 256 p.
650 #0 - SUBJECT ADDED ENTRY--TOPICAL TERM
Topical Term Leadership.
Topical Term Ability.
856 40 - ELECTRONIC LOCATION AND ACCESS
Uniform Resource Identifier http://site.ebrary.com/lib/rucke/Doc?id=10631321

No items available.

© 2026 Rongo University
Contact us: librarian | system librarian | Rongo university